[Event "Championnat de France - Accession"]
[Site "Nimes"]
[Date "2009.08.19"]
[Round "8.12"]
[White "Manoeuvre, Antoine"]
[Black "Jolly, Jean-Francois"]
[Result "0-1"]
[WhiteElo "2232"]
[BlackElo "2366"]
[PlyCount "62"]

1. d4 Nf6 2. c4 e6 3. Nc3 Bb4 4. Qc2 O-O 5. a3 Bxc3+ 6. Qxc3 b5 7. cxb5 c6 8.
Bg5 cxb5 9. Nf3 Bb7 10. e3 h6 11. Bh4 g5 12. Bg3 Ne4 13. Qc2 Na6 14. Bd3 Qa5+
15. Ke2 Rac8 16. Qb1 f5 17. Rd1 h5 18. h3 g4 19. Nh4 Nxg3+ 20. fxg3 Qc7 21. Kf2
Qc6 22. Qc1 Qd5 23. Qd2 Kg7 24. Rac1 Rc6 25. Qa5 Nc7 26. Qxa7 Qb3 27. Rd2 Rf7
28. Qc5 Nd5 29. Qd6 Nf6 30. Qe5 d6 31. Qxd6 Qxd3 0-1

[Event "Championnat de France - Accession"]
[Site "Nimes"]
[Date "2009.08.19"]
[Round "8.13"]
[White "Grimberg, Gilbert"]
[Black "Stephan, Victor"]
[Result "1/2-1/2"]
[WhiteElo "2336"]
[BlackElo "2198"]
[PlyCount "100"]

1. c4 Nf6 2. g3 g6 3. Bg2 Bg7 4. Nc3 O-O 5. d3 d6 6. Rb1 a5 7. e4 c5 8. Nge2
Nc6 9. O-O Ne8 10. h3 Nc7 11. Be3 Ne6 12. Nb5 Ned4 13. Nexd4 Nxd4 14. Nxd4 cxd4
15. Bd2 Bd7 16. Kh2 Bc6 17. Qe2 Qd7 18. Rbe1 e5 19. f4 b5 20. f5 f6 21. g4 g5
22. Bf3 Rfb8 23. Rb1 a4 24. Kg3 Kf7 25. Rh1 h6 26. h4 Rh8 27. Rbe1 Qb7 28. Rb1
Qa6 29. Rbc1 Qb6 30. Rc2 bxc4 31. dxc4 Qc5 32. Qd3 Bd7 33. Be2 Rac8 34. Qf3 Bc6
35. Bd3 Bb7 36. Qe2 Qb6 37. hxg5 hxg5 38. Rh5 Rxh5 39. gxh5 Bh6 40. Kg4 Bc6 41.
Qe1 Bd7 42. Ba5 Qc6 43. Qb4 Bf8 44. Qb6 Qa8 45. Be1 Rc5 46. Bb4 Rc6 47. Qa5
Qxa5 48. Bxa5 Ra6 49. Bb4 Rb6 50. Ba3 Kg7 1/2-1/2

[Event "Championnat de France - Accession"]
[Site "Nimes"]
[Date "2009.08.19"]
[Round "8.14"]
[White "Bissieres, Matthieu"]
[Black "Velten, Paul"]
[Result "1-0"]
[WhiteElo "2300"]
[BlackElo "2153"]
[PlyCount "87"]

1. Nf3 d5 2. g3 g6 3. Bg2 Bg7 4. O-O Nf6 5. d3 O-O 6. Nbd2 b6 7. c3 Bb7 8. Qc2
c5 9. a4 Nc6 10. Re1 Rc8 11. e4 e6 12. Nf1 a6 13. Bg5 h6 14. Bxf6 Qxf6 15. Ne3
Nd4 16. cxd4 cxd4 17. Nc4 dxc4 18. dxc4 Qe7 19. Qd3 Qc5 20. Nd2 e5 21. a5 bxa5
22. Qa3 Bf6 23. Qxa5 Bg5 24. Qxc5 Rxc5 25. Nf3 Bd8 26. Nd2 Bg5 27. Nf3 Bd8 28.
Rec1 Ba5 29. Ra4 Rfc8 30. b4 Rxc4 31. Rxc4 Rxc4 32. Rxa5 f6 33. Nd2 Rxb4 34.
Bf1 Rb2 35. Nc4 Rb1 36. f3 Bc6 37. Rxa6 Bb5 38. Ra8+ Kg7 39. Ra7+ Kf8 40. Nd2
Rb2 41. Bxb5 Rxb5 42. Kf2 Rc5 43. Rd7 Rc3 44. f4 1-0

[Event "Championnat de France - Accession"]
[Site "Nimes"]
[Date "2009.08.19"]
[Round "8.15"]
[White "Schabanel, Stephane"]
[Black "Moussard, Jules"]
[Result "0-1"]
[WhiteElo "2259"]
[BlackElo "2292"]
[PlyCount "62"]

1. d4 Nf6 2. c4 c5 3. d5 e6 4. Nc3 exd5 5. cxd5 d6 6. e4 g6 7. Bd3 Bg7 8. Nge2
O-O 9. O-O Re8 10. h3 Nbd7 11. Ng3 a6 12. a4 b6 13. f4 Qc7 14. Be3 c4 15. Bc2
Rb8 16. Qf3 b5 17. axb5 axb5 18. Ra7 Qd8 19. e5 dxe5 20. f5 Bb7 21. Kh1 e4 22.
Ngxe4 Ne5 23. Qf2 Nxe4 24. Nxe4 Qxd5 25. Nc3 Qd7 26. Be4 Nd3 27. Qh4 b4 28.
fxg6 hxg6 29. Bd5 Ne5 30. Rxb7 Rxb7 31. Bxb7 bxc3 0-1

[Event "Championnat de France - Accession"]
[Site "Nimes"]
[Date "2009.08.19"]
[Round "8.16"]
[White "Van Elst, Andreas"]
[Black "Nass, Emile"]
[Result "1/2-1/2"]
[WhiteElo "2288"]
[BlackElo "2186"]
[PlyCount "56"]

1. d4 Nf6 2. c4 e5 3. dxe5 Ng4 4. Bf4 Bb4+ 5. Nd2 Nc6 6. Ngf3 Qe7 7. e3 Ngxe5
8. Nxe5 Nxe5 9. Be2 O-O 10. O-O Bxd2 11. Qxd2 d6 12. Rac1 b6 13. b4 a5 14. a3
axb4 15. axb4 c5 16. Rfd1 Rd8 17. Rb1 Be6 18. Qc2 f6 19. h3 Qc7 20. bxc5 bxc5
21. Bxe5 dxe5 22. Bf3 Rxd1+ 23. Rxd1 Rd8 24. Bd5 Bxd5 25. cxd5 c4 26. e4 Qc5
27. Qc3 Rb8 28. d6 Rd8 1/2-1/2

[Event "Championnat de France - Accession"]
[Site "Nimes"]
[Date "2009.08.19"]
[Round "8.17"]
[White "Mancini, Mario"]
[Black "Migot, Tangi"]
[Result "1/2-1/2"]
[WhiteElo "2269"]
[BlackElo "2114"]
[Annotator "Rivier,Sylvain"]
[PlyCount "65"]

1. d4 Nf6 2. c4 g6 3. g3 Bg7 4. Bg2 O-O 5. Nc3 d6 6. Nf3 Nbd7 7. O-O e5 8. e4
exd4 9. Nxd4 Re8 10. h3 Nc5 11. Re1 Bd7 12. b4 Ne6 13. Nb3 Qc8 14. Qd3 h6 15.
f4 c5 16. b5 a6 17. bxa6 Rxa6 18. Bb2 Nh5 19. Rf1 b5 20. f5 Nd4 21. g4 bxc4 22.
Qxc4 Ra4 23. Nxa4 Bb5 24. Qxb5 Nxb5 25. gxh5 Qa6 26. f6 Qxa4 27. fxg7 c4 28.
hxg6 fxg6 29. e5 Qa7+ 30. Kh1 dxe5 31. Bd5+ Kxg7 32. Rf7+ Qxf7 33. Bxf7 {suite
illisible} 1/2-1/2

[Event "Championnat de France - Accession"]
[Site "Nimes"]
[Date "2009.08.19"]
[Round "8.18"]
[White "Weill, Roland"]
[Black "Meynard, Thibault"]
[Result "1/2-1/2"]
[WhiteElo "2227"]
[BlackElo "2288"]
[PlyCount "84"]

1. Nf3 Nf6 2. g3 d5 3. Bg2 c6 4. O-O e6 5. b3 Nbd7 6. Bb2 Be7 7. d3 O-O 8. Nbd2
a5 9. a3 b5 10. e4 dxe4 11. dxe4 Ba6 12. Re1 Qb6 13. e5 Ng4 14. Ne4 Rad8 15.
Qc1 f5 16. exf6 Ndxf6 17. Bxf6 Bxf6 18. Rb1 Bd4 19. Re2 b4 20. Rd2 Bc3 21. Rxd8
Rxd8 22. axb4 axb4 23. Qg5 Nf6 24. Nxc3 bxc3 25. Qe5 c5 26. Qxc3 h6 27. Re1 Qd6
28. h3 Nd5 29. Qe5 Kf7 30. Qh5+ Kg8 31. Qg6 Nf6 32. Kh2 Bb7 33. c4 Qb6 34. Qc2
Rd6 35. Rd1 Rxd1 36. Qxd1 Ne4 37. Kg1 Nc3 38. Qd7 Be4 39. Ng5 hxg5 40. Qe8+ Kh7
41. Qh5+ Kg8 42. Qe8+ Kh7 1/2-1/2

[Event "Championnat de France - Accession"]
[Site "Nimes"]
[Date "2009.08.19"]
[Round "8.19"]
[White "Strugnell, Carl"]
[Black "Buscara, Sevan"]
[Result "1/2-1/2"]
[WhiteElo "2280"]
[BlackElo "2225"]
[PlyCount "96"]

1. e4 d5 2. exd5 Qxd5 3. Nc3 Qa5 4. d4 Nf6 5. Nf3 Bf5 6. Bc4 c6 7. Bd2 e6 8.
Nd5 Qd8 9. Nxf6+ gxf6 10. Bb3 a5 11. Nh4 a4 12. Nxf5 axb3 13. Ne3 bxc2 14. Qxc2
Qxd4 15. O-O Bb4 16. Rfd1 Bxd2 17. Rxd2 Qb4 18. Rad1 O-O 19. Rd4 Qe7 20. Qe2
Ra5 21. b4 Rg5 22. h4 Re5 23. f4 Rxe3 24. Qxe3 f5 25. Qg3+ Kh8 26. Qd3 Na6 27.
Qc3 Qf6 28. R1d3 Nc7 29. Rd8 Qxc3 30. Rxf8+ Kg7 31. Rxf7+ Kxf7 32. Rxc3 Nd5 33.
Ra3 b5 34. Ra7+ Kg6 35. a3 Nxf4 36. Rc7 Ne2+ 37. Kf2 Nd4 38. Ke3 e5 39. Re7
Nc2+ 40. Ke2 e4 41. Rc7 Nxa3 42. Rxc6+ Kh5 43. Rc3 Nc4 44. Rxc4 bxc4 45. b5 c3
46. b6 f4 47. b7 f3+ 48. gxf3 exf3+ 1/2-1/2

[Event "Championnat de France - Accession"]
[Site "Nimes"]
[Date "2009.08.19"]
[Round "8.20"]
[White "Lutz, Eric"]
[Black "Kassis, Antoine"]
[Result "1/2-1/2"]
[WhiteElo "2245"]
[BlackElo "2183"]
[PlyCount "120"]

1. d4 Nf6 2. e3 g6 3. Bd3 Bg7 4. Nd2 d6 5. Ngf3 O-O 6. b3 Nbd7 7. Bb2 Re8 8. c4
e5 9. Qc2 Qe7 10. dxe5 dxe5 11. Be2 e4 12. Nd4 a6 13. Bf1 c5 14. Ne2 Ne5 15.
Ng3 Nc6 16. Rd1 Bg4 17. Be2 Nb4 18. Qb1 Nd3+ 19. Bxd3 exd3 20. Nf3 b5 21. Qxd3
Rad8 22. Qc2 Rxd1+ 23. Kxd1 Qb7 24. Ke2 h5 25. Bxf6 Bxf6 26. h3 h4 27. Nf1 Bf5
28. Qc1 Rd8 29. N1d2 Bd3+ 30. Ke1 bxc4 31. bxc4 Bb2 32. Qd1 Bxc4 33. Qc2 Bd3
34. Qb3 Qxb3 35. axb3 Bc3 36. Rg1 Bf6 37. g3 hxg3 38. Rxg3 Bc3 39. Kd1 Bb4 40.
Ne5 Bb5 41. Nef3 a5 42. h4 Kf8 43. Rg5 a4 44. bxa4 Bxa4+ 45. Ke2 Bb5+ 46. Kd1
Bd3 47. Rg4 Ra8 48. Nb3 c4 49. Nc1 Ra1 50. Ne5 Ba3 51. Nexd3 cxd3 52. Rc4 Bxc1
53. Rxc1 Ra2 54. Rc3 Rxf2 55. Rxd3 Rh2 56. Rd4 Ke7 57. Ke1 f5 58. Kf1 Kf6 59.
Rf4 Ke5 60. Ra4 Kf6 1/2-1/2

[Event "Championnat de France - Accession"]
[Site "Nimes"]
[Date "2009.08.19"]
[Round "8.22"]
[White "Frederic, Clement"]
[Black "Favarel, Antoine"]
[Result "1/2-1/2"]
[WhiteElo "2235"]
[BlackElo "2213"]
[PlyCount "63"]

1. e4 c5 2. Nf3 Nc6 3. d4 cxd4 4. Nxd4 Nf6 5. Nc3 e5 6. Ndb5 d6 7. Bg5 a6 8.
Na3 b5 9. Nd5 Be7 10. Bxf6 Bxf6 11. c3 Bg5 12. Nc2 O-O 13. a4 bxa4 14. Rxa4 a5
15. Bc4 Rb8 16. b3 Kh8 17. Nce3 g6 18. Qd3 f5 19. f3 Bh4+ 20. g3 f4 21. Nf1 Qg5
22. Rg1 Bh3 23. Kf2 Bxf1 24. Qxf1 fxg3+ 25. hxg3 Rxf3+ 26. Kxf3 Rf8+ 27. Nf4
Bxg3 28. Rxg3 Qxf4+ 29. Kg2 Qxe4+ 30. Rf3 Qg4+ 31. Rg3 Qe4+ 32. Rf3 1/2-1/2

[Event "Championnat de France - Accession"]
[Site "Nimes"]
[Date "2009.08.19"]
[Round "8.23"]
[White "Rouler, Charly"]
[Black "Ber, Yves"]
[Result "1/2-1/2"]
[WhiteElo "2335"]
[BlackElo "2040"]
[PlyCount "46"]

1. Nf3 d5 2. c4 d4 3. g3 Nc6 4. Bg2 e5 5. d3 Nf6 6. O-O Bd6 7. Na3 Bxa3 8. bxa3
O-O 9. Rb1 Rb8 10. a4 Re8 11. Ba3 Bd7 12. Nd2 b6 13. Qc2 Ne7 14. Nf3 Ng6 15.
Rfe1 h5 16. a5 c5 17. e3 h4 18. exd4 hxg3 19. hxg3 exd4 20. Rxe8+ Bxe8 21. Nd2
Qd6 22. Nb3 Bd7 23. Qd1 Ne5 1/2-1/2

[Event "Championnat de France - Accession"]
[Site "Nimes"]
[Date "2009.08.19"]
[Round "8.24"]
[White "Lefebvre, Herve"]
[Black "Maleki, Nicolas"]
[Result "1-0"]
[WhiteElo "2279"]
[BlackElo "2165"]
[PlyCount "61"]

1. e4 c6 2. d4 d5 3. Nc3 dxe4 4. Nxe4 Bf5 5. Ng3 Bg6 6. h4 h6 7. Nf3 Nd7 8. h5
Bh7 9. Bd3 Bxd3 10. Qxd3 e6 11. Bf4 Qa5+ 12. Bd2 Qc7 13. O-O-O Ngf6 14. Ne4
O-O-O 15. g3 Nxe4 16. Qxe4 Bd6 17. c4 c5 18. Bc3 cxd4 19. Nxd4 a6 20. Nf3 Rhg8
21. Kb1 Kb8 22. Rd2 Nc5 23. Qh7 Qc6 24. Rxd6 Rxd6 25. Qxg8+ Ka7 26. Qxf7 Qe4+
27. Ka1 Qc2 28. Bd4 Qxc4 29. Qf4 Rd5 30. Rc1 Qb5 31. Qc7 1-0

[Event "Championnat de France - Accession"]
[Site "Nimes"]
[Date "2009.08.19"]
[Round "8.25"]
[White "Maatoug, Redwan"]
[Black "Di Nicolantonio, Lucas"]
[Result "0-1"]
[WhiteElo "2245"]
[BlackElo "2100"]
[PlyCount "82"]

1. d4 Nf6 2. c4 c6 3. Nf3 d5 4. g3 Bf5 5. Nc3 dxc4 6. Bg2 Nbd7 7. O-O e6 8. a4
a5 9. Nh4 Bg6 10. Nxg6 hxg6 11. e4 e5 12. Be3 Bb4 13. Qe2 O-O 14. Rfd1 Qe7 15.
Qxc4 Ng4 16. Qe2 Nxe3 17. Qxe3 exd4 18. Qxd4 Rfd8 19. Qe3 Ne5 20. Qe2 Rxd1+ 21.
Rxd1 Rd8 22. h3 Rxd1+ 23. Qxd1 Bxc3 24. bxc3 Qd7 25. Qb3 Qd2 26. Qxb7 Qxc3 27.
Qb8+ Kh7 28. Qd8 f6 29. Kh2 c5 30. f4 Nf3+ 31. Bxf3 Qxf3 32. e5 Qf2+ 33. Kh1
Qf3+ 34. Kh2 fxe5 35. Qh4+ Qh5 36. Qd8 exf4 37. g4 Qe5 38. Qh4+ Kg8 39. Qd8+
Kf7 40. Qd7+ Qe7 41. Qd5+ Qe6 0-1

[Event "Championnat de France - Accession"]
[Site "Nimes"]
[Date "2009.08.19"]
[Round "8.26"]
[White "Dijoux, Frederic"]
[Black "Bonn, Thomas"]
[Result "0-1"]
[WhiteElo "2152"]
[BlackElo "2225"]
[PlyCount "82"]
[EventDate "2009.??.??"]

1. e4 c5 2. Nc3 Nc6 3. g3 g6 4. Bg2 Bg7 5. d3 d6 6. f4 e6 7. Nf3 Nge7 8. O-O
O-O 9. Be3 Nd4 10. Qd2 Nec6 11. Rae1 Nxf3+ 12. Bxf3 Nd4 13. Bg2 Qa5 14. g4 f5
15. h3 Rb8 16. Qf2 b5 17. Nd1 Qxa2 18. c3 Nb3 19. gxf5 gxf5 20. e5 Qa6 21. Kh1
Bb7 22. Rg1 Kh8 23. Qh4 Rbe8 24. exd6 Bxg2+ 25. Rxg2 Qxd6 26. Reg1 Qe7 27. Qh5
Qf7 28. Qf3 Bf6 29. Qc6 Rb8 30. Qf3 a5 31. Nf2 a4 32. h4 Bxh4 33. Nh3 Rg8 34.
Ng5 Bxg5 35. fxg5 e5 36. g6 Rxg6 37. Qh5 Rbb6 38. Rxg6 Rxg6 39. Bg5 Kg8 40. Qf3
h6 41. Qa8+ Kh7 0-1

[Event "Championnat de France - Accession"]
[Site "Nimes"]
[Date "2009.08.19"]
[Round "8.27"]
[White "Lacroix, Romain"]
[Black "Camus, Berenger"]
[Result "1/2-1/2"]
[WhiteElo "2141"]
[BlackElo "2200"]
[PlyCount "57"]

1. e4 c5 2. Nf3 Nc6 3. Bb5 e6 4. Bxc6 bxc6 5. O-O Qc7 6. b3 e5 7. Bb2 d6 8. c3
Be7 9. d4 cxd4 10. cxd4 f6 11. Nc3 Nh6 12. Rc1 Qb7 13. Ba3 O-O 14. h3 Rd8 15.
Qd3 Nf7 16. Rfd1 Bd7 17. Qc4 d5 18. Qa4 c5 19. Qa5 dxe4 20. Nd2 Bc6 21. d5 Bxd5
22. Nxd5 Rxd5 23. Nf1 Rxd1 24. Rxd1 Rc8 25. Ne3 Bf8 26. Qa4 a6 27. Qc4 Qb5 28.
Qxe4 Kh8 29. Qd5 1/2-1/2

[Event "Championnat de France - Accession"]
[Site "Nimes"]
[Date "2009.08.19"]
[Round "8.28"]
[White "Lebreton, Flavien"]
[Black "Forgues, Fabien"]
[Result "1/2-1/2"]
[WhiteElo "2012"]
[BlackElo "2184"]
[PlyCount "65"]

1. d4 Nf6 2. c4 e6 3. Nf3 b6 4. g3 Bb7 5. Bg2 Be7 6. O-O O-O 7. Nc3 Ne4 8. Nxe4
Bxe4 9. Bf4 d6 10. Rc1 Nd7 11. Qa4 f5 12. Ne1 Bxg2 13. Nxg2 Bf6 14. Rfd1 Rf7
15. c5 bxc5 16. dxc5 d5 17. Qc6 Nf8 18. b4 Qe8 19. Qxe8 Rxe8 20. Be3 c6 21. Rb1
a6 22. Rd3 Nd7 23. Ra3 Nb8 24. Rab3 e5 25. a4 Rc7 26. f4 e4 27. Rd1 Rd8 28. Bd4
Bxd4+ 29. Rxd4 Rcd7 30. Ne3 g6 31. Nc2 Rb7 32. Re3 Nd7 33. Rc3 1/2-1/2

[Event "Championnat de France - Accession"]
[Site "Nimes"]
[Date "2009.08.19"]
[Round "8.29"]
[White "Daurelle, Herve"]
[Black "Poignot, Quentin"]
[Result "1-0"]
[WhiteElo "2292"]
[BlackElo "2183"]
[PlyCount "79"]

1. e4 c5 2. Nf3 d6 3. d4 cxd4 4. Nxd4 Nf6 5. Nc3 g6 6. Be3 Bg7 7. f3 O-O 8. Qd2
Nc6 9. O-O-O d5 10. Kb1 Rb8 11. h4 e5 12. Nxc6 bxc6 13. exd5 cxd5 14. Nxd5 Nxd5
15. Qxd5 Qc7 16. Qc5 Qb7 17. b3 Bf5 18. Bd3 Bxd3 19. Rxd3 e4 20. fxe4 Qxe4 21.
Qd5 Qg4 22. h5 a5 23. hxg6 hxg6 24. Bh6 Bh8 25. Bxf8 Rxf8 26. Rxh8+ Kxh8 27.
Qd4+ Qxd4 28. Rxd4 Re8 29. c4 a4 30. bxa4 Rb8+ 31. Kc2 Rb4 32. Kc3 Rxa4 33. Rd2
Kg7 34. c5 Kf8 35. Kb3 Ra8 36. Kb4 Ke7 37. Kb5 Rd8 38. Rxd8 Kxd8 39. Kb6 Kc8
40. a4 1-0

[Event "Championnat de France - Accession"]
[Site "Nimes"]
[Date "2009.08.19"]
[Round "8.30"]
[White "Jeanne, Mickael"]
[Black "Romieux, Sebastien"]
[Result "1/2-1/2"]
[WhiteElo "2148"]
[BlackElo "2284"]
[PlyCount "51"]

1. Nf3 e6 2. c4 f5 3. Nc3 Nf6 4. g3 b6 5. Bg2 Bb7 6. O-O Bb4 7. Qc2 O-O 8. d4
a5 9. b3 Na6 10. Bb2 Qe8 11. a3 Be7 12. Rad1 Qh5 13. d5 Nc5 14. Nd4 f4 15. gxf4
Bd6 16. e3 exd5 17. cxd5 Nxd5 18. Nxd5 Bxd5 19. Bxd5+ Qxd5 20. Nb5 Qf3 21. Nxd6
cxd6 22. Rxd6 Rxf4 23. exf4 Qg4+ 24. Kh1 Qf3+ 25. Kg1 Qg4+ 26. Kh1 1/2-1/2

[Event "Championnat de France - Accession"]
[Site "Nimes"]
[Date "2009.08.19"]
[Round "8.31"]
[White "Carpentier, Pierre"]
[Black "Rodier, David"]
[Result "0-1"]
[WhiteElo "2247"]
[BlackElo "2145"]
[PlyCount "124"]

1. b3 d5 2. Bb2 c5 3. e3 a6 4. Nf3 e6 5. d4 Nf6 6. Bd3 Nc6 7. O-O Bd7 8. Ne5 b5
9. c3 c4 10. Bc2 Nxe5 11. dxe5 Ne4 12. f3 Nc5 13. b4 Na4 14. Bc1 g6 15. e4 Bg7
16. exd5 Bxe5 17. dxe6 Bxe6 18. Bxa4 bxa4 19. Qxa4+ Bd7 20. Qd1 O-O 21. Be3 Bf5
22. Qc1 Bd3 23. Re1 Re8 24. f4 Bf6 25. Nd2 Bh4 26. g3 Bf6 27. Nf3 Qd5 28. Kf2
Qh5 29. Bd4 Bxd4+ 30. cxd4 Be4 31. Nh4 Qd5 32. Qc3 Red8 33. Rad1 f6 34. Nf3 Re8
35. Re3 a5 36. Nd2 Bd3 37. Rde1 Rxe3 38. Rxe3 Qh1 39. bxa5 Qxh2+ 40. Kf3 Qh1+
41. Kf2 Rb8 42. Re1 Qh2+ 43. Kf3 h5 44. Nxc4 Bf5 45. Ne3 Bg4+ 46. Ke4 Re8+ 47.
Kd3 Qxg3 48. Kc2 Rc8 49. Nc4 Qg2+ 50. Kb3 Be2 51. Rxe2 Qxe2 52. Qb4 Qe6 53. Qb5
h4 54. d5 Qe8 55. Qxe8+ Rxe8 56. Nd2 g5 57. fxg5 fxg5 58. a6 h3 59. Nf1 Ra8 60.
Nh2 Rxa6 61. a4 Ra5 62. Ng4 Kf8 0-1

[Event "Championnat de France - Accession"]
[Site "Nimes"]
[Date "2009.08.19"]
[Round "8.32"]
[White "Iwanesko, Alexandre"]
[Black "Salus, Stephane"]
[Result "1-0"]
[WhiteElo "2101"]
[BlackElo "2218"]
[PlyCount "65"]

1. e4 Nf6 2. e5 Nd5 3. c4 Nb6 4. d4 d6 5. exd6 exd6 6. Nc3 Be7 7. Bd3 Nc6 8.
Nge2 Bg4 9. d5 Ne5 10. O-O Qd7 11. b3 Nxd3 12. Qxd3 O-O 13. Ng3 Qd8 14. f4 Bc8
15. f5 Nd7 16. Nge4 Bf6 17. Nxf6+ Qxf6 18. Bb2 Nc5 19. Qc2 Qd4+ 20. Kh1 Qd3 21.
Qf2 g6 22. Qh4 Bxf5 23. Rad1 Qe3 24. Rfe1 g5 25. Qh6 Qf2 26. Na4 f6 27. Re7 Rf7
28. Rxf7 Kxf7 29. Qxf6+ Ke8 30. Qh8+ Kd7 31. Qg7+ Kc8 32. Qf8+ Kd7 33. Qf7+ 1-0

[Event "Championnat de France - Accession"]
[Site "Nimes"]
[Date "2009.08.19"]
[Round "8.33"]
[White "Depoorter, Enguerran"]
[Black "Lamard, Guillaume"]
[Result "1/2-1/2"]
[WhiteElo "2207"]
[BlackElo "2101"]
[PlyCount "78"]

1. d4 d5 2. c4 c6 3. Nc3 Nf6 4. Bg5 e6 5. e3 Nbd7 6. cxd5 exd5 7. Bd3 Be7 8.
Qc2 O-O 9. Nge2 Re8 10. f3 Nf8 11. O-O-O Nh5 12. Bf4 Nxf4 13. exf4 Bd6 14. h4
Qe7 15. Kb1 b5 16. h5 a5 17. h6 g6 18. g3 Qa7 19. f5 a4 20. Nf4 Bxf4 21. gxf4
Re3 22. fxg6 fxg6 23. Ka1 b4 24. Ne2 Ba6 25. Bxa6 Qxa6 26. Nc1 b3 27. Qd2 Rae8
28. a3 Qc4 29. f5 gxf5 30. Qg2+ Ng6 31. Qg5 R8e7 32. Qxf5 Rf7 33. Qc8+ Rf8 34.
Qd7 Rf7 35. Qc8+ Rf8 36. Qd7 Re7 37. Qg4 Qc2 38. Nd3 Re2 39. Qd7 Rf7 1/2-1/2

[Event "Championnat de France - Accession"]
[Site "Nimes"]
[Date "2009.08.19"]
[Round "8.34"]
[White "Lewis, John"]
[Black "Barret, Simon"]
[Result "1/2-1/2"]
[WhiteElo "2147"]
[BlackElo "2166"]
[Annotator "Rivier,Sylvain"]
[PlyCount "72"]

1. d4 Nf6 2. Nf3 g6 3. c4 Bg7 4. Nc3 O-O 5. e4 d6 6. Be2 e5 7. O-O Nc6 8. d5
Ne7 9. Ne1 Nd7 10. Nd3 f5 11. Bd2 Nf6 12. f3 f4 13. c5 g5 14. Rc1 h5 15. Nb5
Ne8 16. Ba5 dxc5 17. d6 Nc6 18. Bxc7 Nxc7 19. dxc7 Qe7 20. Nxc5 a6 21. Nd6 Qxc7
22. Nxc8 Rfxc8 23. Qb3+ Kh7 24. Qxb7 Qxb7 25. Nxb7 Nd4 26. Bd3 Rcb8 27. Nd6
Rxb2 28. Rf2 Rb6 29. Nf5 Rd8 30. Bb1 Bf8 31. h3 Ba3 32. Rc7+ Kg8 33. Rf1 Ne6
34. Rc3 Bc5+ 35. Kh2 Rb2 36. Bd3 Bb4 {suite illisible} 1/2-1/2

[Event "Championnat de France - Accession"]
[Site "Nimes"]
[Date "2009.08.19"]
[Round "8.35"]
[White "Callet, Emmanuel"]
[Black "Ozenne, Corentin"]
[Result "0-1"]
[WhiteElo "2215"]
[BlackElo "1996"]
[PlyCount "70"]

1. e4 c5 2. Nf3 e6 3. d4 cxd4 4. Nxd4 Nf6 5. Nc3 d6 6. Be3 a6 7. f3 Nc6 8. Qd2
Be7 9. O-O-O O-O 10. g4 Nxd4 11. Bxd4 b5 12. Kb1 Nd7 13. Bg2 b4 14. Ne2 a5 15.
Be3 Bb7 16. Nd4 Nc5 17. g5 d5 18. Qf2 Qc7 19. exd5 Bxd5 20. Nf5 Bxa2+ 21. Kxa2
exf5 22. Rd5 Na4 23. f4 Rab8 24. Rd3 Qc4+ 25. b3 Nc3+ 26. Kb2 Qb5 27. Ra1 a4
28. bxa4 Nxa4+ 29. Kc1 Rfc8 30. Rb3 Bc5 31. Rab1 Bxe3+ 32. Rxe3 Nc3 33. Re5 Qd7
34. Qe1 Nxb1 35. Kxb1 b3 0-1

[Event "Championnat de France - Accession"]
[Site "Nimes"]
[Date "2009.08.19"]
[Round "8.36"]
[White "Wunderman, Xavier"]
[Black "Thet, Sylvain"]
[Result "0-1"]
[WhiteElo "2169"]
[BlackElo "2031"]
[PlyCount "88"]

1. e4 e5 2. Nc3 Nf6 3. f4 d5 4. fxe5 Nxe4 5. Nf3 Be7 6. Be2 Nc6 7. O-O O-O 8.
d3 Nxc3 9. bxc3 d4 10. cxd4 Nxd4 11. c3 Nxe2+ 12. Qxe2 b6 13. d4 Bb7 14. Bf4 c5
15. Rad1 cxd4 16. cxd4 Qd5 17. Rf2 Rac8 18. Qe3 Bb4 19. Qb3 Qxb3 20. axb3 Bd5
21. Rd3 Rc6 22. Bd2 Be7 23. Ne1 Rd8 24. Re2 a5 25. Kf2 Rg6 26. Rg3 Bb4 27. Rd3
Ba3 28. g3 Bc6 29. Rc3 Bb5 30. Re4 Bb2 31. Rc2 Bc6 32. Rf4 Bxd4+ 33. Be3 Bxe5
34. Rf5 Re8 35. Nd3 Bb8 36. Bf4 Bxf4 37. Nxf4 Rd6 38. h4 g6 39. Rg5 h6 40. Rxc6
Rxc6 41. Rb5 Rb8 42. b4 a4 43. Nd5 Kf8 44. Ke3 a3 0-1

[Event "Championnat de France - Accession"]
[Site "Nimes"]
[Date "2009.08.20"]
[Round "9.1"]
[White "Shirazi, Kamran"]
[Black "Lagarde, Maxime"]
[Result "0-1"]
[WhiteElo "2384"]
[BlackElo "2352"]
[PlyCount "31"]
[EventDate "2009.??.??"]

1. Nf3 c5 2. c4 Nf6 3. Nc3 d5 4. cxd5 Nxd5 5. g3 Nc6 6. Bg2 Nc7 7. a3 e5 8. h4
h6 9. h5 Nd4 10. e3 Ncb5 11. Nxb5 Nxb5 12. O-O Be7 13. Qc2 Be6 14. Rb1 Nd6 15.
Qxc5 O-O 16. d3 {suite illisible} 0-1

[Event "Championnat de France - Accession"]
[Site "Nimes"]
[Date "2009.08.20"]
[Round "9.2"]
[White "Benitah, Yohan"]
[Black "Sochacki, Christophe"]
[Result "1/2-1/2"]
[WhiteElo "2383"]
[BlackElo "2274"]
[PlyCount "99"]
[EventDate "2009.??.??"]

1. d4 Nf6 2. Nf3 e6 3. c4 Bb4+ 4. Nc3 O-O 5. e3 b6 6. Bd3 Bb7 7. O-O d5 8. Bd2
dxc4 9. Bxc4 Nbd7 10. a3 Bd6 11. h3 a6 12. Qe2 c5 13. Rfd1 Qe7 14. Be1 b5 15.
Ba2 cxd4 16. Nxd4 Nc5 17. f3 Rfd8 18. Bh4 Ncd7 19. Rd2 Nf8 20. Rad1 Ng6 21. Bf2
Bc5 22. Bg3 Nh5 23. Bh2 Qg5 24. f4 Nhxf4 25. exf4 Nxf4 26. Qg4 Qxg4 27. hxg4
Rxd4 28. Rxd4 e5 29. Bxf4 Bxd4+ 30. Rxd4 exd4 31. Nd5 Re8 32. Kf2 Re4 33. g3 h6
34. Bb3 Kh8 35. Nb4 Re7 36. Nd3 f6 37. Nc5 Bc8 38. Bd6 Re8 39. Bf7 Re3 40. Bf4
Re7 41. Bg6 Bxg4 42. Bd3 g5 43. Bd2 Bc8 44. Nb3 Rd7 45. Bb4 Rd5 46. Be4 Re5 47.
Bc2 Bf5 48. Bd1 d3 49. Bc3 Re8 50. Bxf6+ 1/2-1/2

[Event "Championnat de France - Accession"]
[Site "Nimes"]
[Date "2009.08.20"]
[Round "9.3"]
[White "Platel, Alexandre"]
[Black "Bailet, Pierre"]
[Result "1/2-1/2"]
[WhiteElo "2206"]
[BlackElo "2352"]
[PlyCount "60"]
[EventDate "2009.??.??"]

1. e4 c5 2. Nf3 Nc6 3. Bb5 d6 4. O-O Bd7 5. Re1 Nf6 6. h3 Ne5 7. Nxe5 Bxb5 8.
a4 Bd7 9. Nxd7 Qxd7 10. Nc3 e6 11. d4 cxd4 12. Qxd4 Be7 13. Bg5 h6 14. Bh4 O-O
15. e5 Ne8 16. Bxe7 Qxe7 17. Qb4 Rd8 18. Rad1 Rd7 19. Nb5 d5 20. Qxe7 Rxe7 21.
Nxa7 Nc7 22. b3 Ra8 23. Nb5 Nxb5 24. axb5 Rc8 25. Re2 Rec7 26. c4 dxc4 27. bxc4
Rxc4 28. Rd7 Rb4 29. Rxb7 Rc1+ 30. Kh2 Rcb1 1/2-1/2

[Event "Championnat de France - Accession"]
[Site "Nimes"]
[Date "2009.08.20"]
[Round "9.4"]
[White "Debray, Christopher"]
[Black "Ollier, Pablo"]
[Result "1-0"]
[WhiteElo "2328"]
[BlackElo "2226"]
[PlyCount "113"]
[EventDate "2009.??.??"]

1. d4 Nf6 2. c4 e6 3. Nc3 Bb4 4. e3 c5 5. Nf3 Nc6 6. Bd3 Bxc3+ 7. bxc3 d6 8.
O-O e5 9. d5 Ne7 10. e4 h6 11. Ne1 g5 12. g3 Bh3 13. Ng2 Kd7 14. Rb1 b6 15. a4
a5 16. Qb3 Rb8 17. Rb2 Rg8 18. f3 Kc7 19. Bd2 Kb7 20. Rfb1 Ka7 21. Be1 Bxg2 22.
Rxg2 Qd7 23. Bd2 h5 24. Qb5 Qh3 25. Rf2 Qc8 26. Qb2 h4 27. Qc1 hxg3 28. hxg3
Qh3 29. Rg2 Qh5 30. Kf2 Qg6 31. Qe1 Rh8 32. Qe3 g4 33. f4 Nd7 34. f5 Qg8 35.
Qg5 f6 36. Qxg8 Rbxg8 37. Kg1 Rh3 38. Be1 Nf8 39. Rh2 Nh7 40. Rxh3 gxh3 41. Kf2
Rh8 42. Bd2 Ng8 43. Kf3 Kb7 44. Rh1 Kc7 45. Kg4 Nf8 46. Rxh3 Rxh3 47. Kxh3 Kd7
48. Be2 Ke7 49. Bh5 Nh7 50. Kh4 Kf8 51. Bg6 Ng5 52. Bxg5 fxg5+ 53. Kxg5 Kg7 54.
f6+ Nxf6 55. Bf5 Ng8 56. Bg4 Nh6 57. Be6 1-0